Statistics for Public Holidays in Vietnam

Click here to take the quiz!

General Stats

  • This quiz has been taken 29 times
  • The average score is 3 of 6

Answer Stats

DateHolidayVietnameseInfo% Correct
Last day of lunar year to 5th dayVietnamese New Year (Tet)Tết Nguyên ĐánLunar New Year: The most important holiday of the year (January or February)
96%
September 2–3Independence DayQuốc khánhMarks the independence from France and Japan in 1945. Also called "National Day".
57%
January 1New Year's DayTết dương lịchInternational public holiday
48%
May 1International Workers' DayNgày Quốc tế lao độngCommon holiday in communist nations. Also known as "Labor Day"
39%
10th day of the 3rd lunar monthHung Kings CommemorationsGiỗ tổ Hùng VươngNewest holiday: Honors ancient Hung Kings. Also called the "Hung Vuong Death Anniversary".
35%
April 30Day of Southern Liberation and National ReunificationNgày Giải phóng miền NamCommemorates the Liberation of Saigon and end of the Vietnam War in 1975.
26%

Score Distribution

Percentile by Number Answered

Percent of People with Each Score

Your Score History

You have not taken this quiz